Vliv relativního příjmu na mezní sklon ke spotřebě – případ České republiky
Kvantifikácia vplyvu relatívneho príjmu na priemerný sklon k spotrebe domácností v Českej republike.
Guardado en:
| Autor principal: | |
|---|---|
| Formato: | Capítulo de libro |
| Lenguaje: | checo |
| Materias: | |
| Etiquetas: |
Sin Etiquetas, Sea el primero en etiquetar este registro!
|
MARC
| LEADER | 00000naa a2200000 4500 | ||
|---|---|---|---|
| 001 | 0247593 | ||
| 005 | 20221104112125.8 | ||
| 041 | 0 | |a cze | |
| 044 | |a CZ | ||
| 245 | 1 | 0 | |a Vliv relativního příjmu na mezní sklon ke spotřebě – případ České republiky |c Ondřej Badura |
| 520 | |a Kvantifikácia vplyvu relatívneho príjmu na priemerný sklon k spotrebe domácností v Českej republike. | ||
| 610 | 2 | 0 | |a Česko |
| 610 | 2 | 0 | |a spotreba domácností |
| 610 | 2 | 0 | |a príjmy domácností |
| 610 | 2 | 0 | |a produkt domáci hrubý |
| 100 | 1 | |a Badura, Ondřej | |